Datum a čas kvízu
30.5
Celkem bodů
Celkový počet nahraných bodů na tomto kvízu bez doplňovacích otázek.
3.
Pořadí na kvízu
Konečné umístění týmu na tomto kvízu.
Zaznamenané odpovědi
| # | Otázka | Odpověď | Body | Výsledky |
|---|---|---|---|---|
| 1. | Jistá velká česká společnost o... | 0 | ||
| 2. | Za přísných bezpečnostních opa... | 1 | ||
| 3. | Nejstreamovanější kapela roku... | 0 | ||
| 4. | Na grafu vidíme propad hodnoty... | 1 | ||
| 5. | Původně dočasný kouč a nástupc... | 1 | ||
| 5. | Jak se jmenuje herečka v roli... | 1 | ||
| 5. | Jak se jmenuje značka, s níž j... | 0 | ||
| 8. | Česká snowboardistka Eva Samko... | 0 | ||
| 5. | Který produkt propaguje již de... | 1 | ||
| 10. | Přiřaďte jména známých osobnos... | 1 |